000 00757nam a22001697a 4500
999 _c57651
_d57651
003 Ge_BSU
005 20200825134231.0
008 200825b xxu||||| |||| 00| 0 geo d
041 _ageo
080 _a343 (479.22) ე-18
100 _aეგუტიძე, მამუკა
_99329
245 _aთაღლითობის და გამოძალვის გზით სხვისი ნივთის დაუფლება ან ქონებრივი უფლების მიღება /
_cმამუკა ეგუტიძე.
264 _aთბ. :
_b "იურისტების სამყარო ",
_c2018.
300 _a32 გვ.
_b17 სმ.
653 _aსამართალი
942 _2udc
_cBK